000 00457 a2200133 4500
001 ART_8252
005 20260410161557.0
008 260409a
245 1 0 _aLa conducta profesional del contador público y su neutralidad desde el punto de vista ético
100 1 _aCanetti, Miguel Marcelo
700 1 _aFreire, Liliana B.
700 1 _aNeira, Graciela M.
773 0 _tProfesional & Empresaria
_g- Año XII, Nº 128 (may. 2010)
_wREV70
999 _c9314
_d9314